|
|
|
|
| LEADER |
01050nam a2200265 4500 |
| 001 |
c000034885 |
| 003 |
CARM |
| 005 |
00000000000000.0 |
| 008 |
720815s1972 ii b 00000 eng |
| 019 |
1 |
|
|a 97446
|5 LACONCORD2021
|
| 035 |
|
|
|a (OCoLC)516016
|5 LACONCORD2021
|
| 043 |
|
|
|a a-ii---
|
| 050 |
0 |
0 |
|a HJ2153
|b .N27
|
| 100 |
2 |
|
|a Narayana Reddy, Kaipa,
|d 1936-
|
| 245 |
1 |
4 |
|a The growth of public expenditure in India, 1872-1968;
|b a secular and time pattern analysis.
|
| 250 |
|
|
|a [1st ed.]
|
| 260 |
|
|
|a New Delhi,
|b Sterling Publishers
|c [1972]
|
| 300 |
|
|
|a xv, 264 p.
|c 22 cm.
|
| 500 |
|
|
|a "This work was accepted by M. S. University of Baroda as a thesis for Ph.D. degree ... 1969."
|
| 504 |
|
|
|a Bibliography: p. [255]-262.
|
| 651 |
|
0 |
|a India
|x Appropriations and expenditures.
|
| 852 |
8 |
|
|b CARM
|h A2:AF26G0
|i B01576
|p 0078404
|f BK
|
| 082 |
0 |
4 |
|a 336.3/9/0954
|
| 999 |
f |
f |
|i 3c3c0f84-3da3-5184-80e1-cc942cc4847d
|s 09fe9b6d-dd72-594a-946f-d2bd13c1f8a2
|
| 952 |
f |
f |
|p Can circulate
|a CAVAL
|b CAVAL
|c CAVAL
|d CARM 1 Store
|e B01576
|f A2:AF26G0
|h Other scheme
|i book
|m 0078404
|